One-Minute Crossword XIV Quiz Stats

 Plays Quiz Updated Mar 1, 2018

Score 0/16 Timer 01:00
8 Plays Today
% Correct
I 
99.5%
N 
99.1%
N 
98.6%
E 
98.3%
O 
96.1%
H 
96.1%
W 
95.3%
I 
95.2%
% Correct
O 
94.7%
I 
93.4%
A 
92.9%
G 
92.5%
S 
88.5%
P 
84.6%
T 
83.8%
S 
78.6%

You're not logged in!

Compare scores with friends on all Sporcle quizzes.
OR
Log In

You Might Also Like...

Show Comments

Extras

Top Quizzes Today


Score Distribution

Your Account Isn't Verified!

In order to create a playlist on Sporcle, you need to verify the email address you used during registration. Go to your Sporcle Settings to finish the process.

Report this User

Report this user for behavior that violates our Community Guidelines.

Details: